|
|
|
|
| LEADER |
00000nab a2200000 a 4500 |
| 001 |
vtls008838883 |
| 003 |
SK-MaSNL |
| 005 |
20260304233041.0 |
| 008 |
131021c2006 xo mr|p|||||||000 b|slo |
| 015 |
|
|
|a SNBRB2006/08
|2 snkbucl
|
| 038 |
|
|
|a SNKBUCL
|
| 040 |
|
|
|a SNKBUCL
|b slo
|c SNKBUCL
|e AACR2
|
| 041 |
0 |
|
|a slo
|
| 044 |
|
|
|a xo
|c SK
|
| 080 |
|
|
|a 316.72/.75:061.236.6
|2 1997
|
| 080 |
|
|
|a 061.236.6
|x (437.6)
|2 1997
|
| 100 |
1 |
|
|a Janík, Pavol,
|d 1956-
|4 aut
|9 221069
|
| 245 |
1 |
0 |
|a Pionieri multikulturalizmu - mýty a skutočnosť
|c Pavol Janík
|
| 650 |
0 |
7 |
|a multikulturalizmus
|2 snkbucl
|9 4941
|
| 650 |
0 |
7 |
|a slobodomurárstvo
|x multikulturalizmus
|2 snkbucl
|9 1568214
|
| 651 |
|
7 |
|a Slovensko
|x slobodomurárstvo
|2 snkbucl
|9 1039921
|
| 773 |
0 |
|
|t Slovenské pohľady
|g Roč. IV.+122., č. 6 (2006), s. 39-45
|x 1335-7786
|
| 852 |
|
|
|a SNK
|b KIS3GCP
|
| 958 |
|
|
|a SK
|
| 999 |
|
|
|c 3196986
|d 3198916
|